00502nam a2200181 a 450000100060000000300090000600800410001502000180005604000280007408200180010210000230012024500570014326000290020030000100022965000250023965000350026465000210029924170CO-ViMGA141112s2004 ck r 000 u spa d a9788466637862 aCO-ViMGAbspacCO-ViMGA04a948.022 C535b1 aClements, jonathan10aBreve historia de los vikingos / cjonathan Clements aColombia : bEdiciones B a343p.14aVIKINGOS - HISTORIA 14aVIKINGOS - RITOS , CEREMONIAS 14aVIKINGOS - VIDA